[Event "SRB-chT Cup"]
[Site "Kragujevac"]
[Date "2016.04.22"]
[Round "4.7"]
[White "Radosavljevic, Milan M"]
[Black "Simonovic, Milomir"]
[Result "1-0"]
[WhiteElo "1819"]
[BlackElo "1931"]
[PlyCount "69"]
[EventDate "2016.04.20"]
[EventType "team-swiss"]
[EventRounds "7"]
[EventCountry "SRB"]
[SourceTitle "CBM 172 Extra"]
[Source "ChessBase"]
[SourceDate "2016.06.21"]
[SourceVersion "1"]
[SourceVersionDate "2016.06.21"]
[SourceQuality "1"]
[WhiteTeam "Kragujevac Lepenica"]
[BlackTeam "Kragujevac Marsic"]
[WhiteTeamCountry "SRB"]
[BlackTeamCountry "SRB"]

1. e4 c5 2. Nc3 Nc6 3. g3 Nf6 4. Bg2 d6 5. h3 e5 6. d3 h6 7. f4 g6 8. Nge2 Nd4 9. Be3 Bg7 10. Qd2 Bd7 11. 0-0 Qc8 12. Kh2 0-0 13. fxe5 dxe5 14. Bxh6 Be6 15. Bxg7 Kxg7 16. Nd1 Rh8 17. Nf2 Bxh3 18. Nxh3 Ng4+ 19. Kg1 Nxc2 20. Ng5 Nge3 21. Rxf7+ Kg8 22. Rc1 Qg4 23. Rf3 Qh5 24. Rxe3 Qxg5 25. Rxc2 Qh6 26. Rf3 Qh2+ 27. Kf2 Kg7 28. Qg5 Rhf8 29. Qxe5+ Kg8 30. Rxf8+ Rxf8+ 31. Nf4 b6 32. Qe6+ Kh8 33. Qh3+ Qxh3 34. Bxh3 g5 35. Bf5 1-0